My brother sam is dead / (Record no. 4579)
[ view plain ]
| 000 -LEADER | |
|---|---|
| fixed length control field | 00968nam a22002897a 4500 |
| 001 - CONTROL NUMBER | |
| control field | 4579 |
| 003 - CONTROL NUMBER IDENTIFIER | |
| control field | FISKH |
| 005 - DATE AND TIME OF LATEST TRANSACTION | |
| control field | 20240917112823.0 |
| 008 - FIXED-LENGTH DATA ELEMENTS--GENERAL INFORMATION | |
| fixed length control field | 240917b cb ||||| |||| 00| 0 eng d |
| 020 ## - INTERNATIONAL STANDARD BOOK NUMBER | |
| International Standard Book Number | 9780590427920 |
| 040 ## - CATALOGING SOURCE | |
| Original cataloging agency | FISKH |
| Language of cataloging | eng |
| Transcribing agency | FISKH |
| Modifying agency | FISKH |
| 050 ## - LIBRARY OF CONGRESS CALL NUMBER | |
| Classification number | PZ7.C678 |
| 082 ## - DEWEY DECIMAL CLASSIFICATION NUMBER | |
| Edition number | 813.54 |
| 100 ## - MAIN ENTRY--PERSONAL NAME | |
| Personal name | Collier, Lincoln James & Collier, Christopher |
| Dates associated with a name | (1950-) & (1930-) |
| 245 ## - TITLE STATEMENT | |
| Title | My brother sam is dead / |
| Statement of responsibility, etc. | James Lincoln Collier & Christopher Collier |
| 250 ## - EDITION STATEMENT | |
| Edition statement | 1974 |
| 260 ## - PUBLICATION, DISTRIBUTION, ETC. | |
| Place of publication, distribution, etc. | New York : |
| Name of publisher, distributor, etc. | Scholastic, |
| Date of publication, distribution, etc. | 1974. |
| 300 ## - PHYSICAL DESCRIPTION | |
| Extent | 216 pages : |
| Dimensions | 18cm |
| 505 ## - FORMATTED CONTENTS NOTE | |
| Formatted contents note | R<br/> |
| 520 ## - SUMMARY, ETC. | |
| Summary, etc. | Recounts the tragedy that strikes the Meeker family during the Revolution when one son joins the rebel forces while the rest of the family tries to stay neutral in a Tory town. |
| 521 8# - TARGET AUDIENCE NOTE | |
| Target audience note | 770L<br/> |
| Source | Lexile<br/> |
| 521 8# - TARGET AUDIENCE NOTE | |
| Target audience note | R<br/> |
| Source | Raz-Plus<br/> |
| 650 ## - SUBJECT ADDED ENTRY--TOPICAL TERM | |
| Source of heading or term | Historical fiction |
| Topical term or geographic name entry element | Young adult |
| 650 ## - SUBJECT ADDED ENTRY--TOPICAL TERM | |
| Source of heading or term | Newbery Honor |
| Topical term or geographic name entry element | War |
| 942 ## - ADDED ENTRY ELEMENTS (KOHA) | |
| Source of classification or shelving scheme | Dewey Decimal Classification |
| Koha item type | Books |
| Suppress in OPAC | No |
| Withdrawn status | Lost status | Source of classification or shelving scheme | Damaged status | Not for loan | Collection | Home library | Current library | Shelving location | Date acquired | Total Checkouts | Full call number | Barcode | Date last seen | Copy number | Price effective from | Koha item type | Date due | Date last checked out |
|---|---|---|---|---|---|---|---|---|---|---|---|---|---|---|---|---|---|---|
| Dewey Decimal Classification | Fiction | Footprints International School Library Network Toul Kork Campus | Footprints International School Library Network Toul Kork Campus | TTP Secondary Fiction Bookshelves | 09/17/2024 | COL 813.54 PZ7.C678 | 2024-1983 | 09/17/2024 | 1 | 09/17/2024 | Books | |||||||
| Dewey Decimal Classification | Fiction | Footprints International School Library Network Toul Kork Campus | Footprints International School Library Network Toul Kork Campus | TTP Primary Orange Bookshelves | 09/17/2024 | 1 | COL 813.54 PZ7.C678 | 2024-2038 | 05/28/2025 | 2 | 09/17/2024 | Books | 06/11/2025 | 05/28/2025 |
